=LDR 00000nam 2200000 4500 =001 INLIS000000000001542 =005 20130612085936 =008 ***********************************Ind** =035 ##$$0010-061300000001542 =041 ##$$a Ind =082 ##$$a 372.8 =090 ##$$a 372.8, Muh-i =100 ##$$a MUHAMMAD, Wahyu =245 ##$$a IPS (Ilmu Pengetahuan Sosial) Kurikulum 1994 untuk SD, Wahyu Muhammad =260 ##$$a 1997 $b Klaten =300 ##$$a ...jil, ilus, 28 cm =650 ##$$a IPS =650 ##$$a Pendidikan Dasar (SD) =850 ##$$a NBPNMAT